Completa le rime - Paradiso XXXIII - Statistics

Statistiche generali
  • Questo quiz è stato fatto 39 volte
  • Il punteggio medio è 22 su 145
Statistiche sulle risposte
CANTO TRENTATREEESIMO % Corretto
«Vergine Madre, figlia del tuo {figlio},
84%
Nel ventre tuo si raccese l’{amore},
68%
termine fisso d'etterno {consiglio},
55%
umile e alta più che {creatura},
52%
tu se’ colei che l’umana {natura}
48%
nobilitasti sì, che ’l suo {fattore}
42%
non disdegnò di farsi sua {fattura}.
39%
sua disïanza vuol volar sanz’ {ali}.
39%
così è germinato questo {fiore}.
35%
l’amor che move il sole e l’altre {stelle}.
35%
le vite spiritali ad una ad {una},
32%
per lo cui caldo ne l’etterna {pace}
32%
Donna, se’ tanto grande e tanto {vali},
29%
Ancor ti priego, regina, che {puoi}
26%
che qual vuol grazia e a te non {ricorre},
26%
di caritate, e giuso, intra ’ {mortali},
26%
di sua mortalità co’ prieghi {tuoi},
26%
per li miei prieghi ti chiudon le {mani}!».
26%
ch’una favilla sol de la tua {gloria}
23%
de l’alta luce che da sé è {vera}.
23%
dopo tanto veder, li affetti {suoi}.
23%
In te misericordia, in te {pietate},
23%
Qual è colüi che sognando {vede},
23%
quantunque in creatura è di {bontate}.
23%
Qui se’ a noi meridïana {face}
23%
se’ di speranza fontana {vivace}.
23%
supplica a te, per grazia, di {virtute}
23%
a chi domanda, ma molte {fïate}
19%
che ciò ch’i’ dico è un semplice {lume}.
19%
che ’l parlar mostra, ch’a tal vista {cede},
19%
da’ concetti mortali, a la mia {mente}
19%
de l’universo infin qui ha {vedute}
19%
in te magnificenza, in te s’{aduna}
19%
liberamente al dimandar {precorre}.
19%
possa lasciare a la futura {gente};
19%
sì che ’l sommo piacer li si {dispieghi}.
19%
appropinquava, sì com’ io {dovea},
16%
Bernardo m’accennava, e {sorridea},
16%
ché la mia vista, venendo {sincera},
16%
ciò che tu vuoli, che conservi {sani},
16%
Da quinci innanzi il mio veder fu {maggio}
16%
e cede la memoria a tanto {oltraggio}.
16%
E io ch’al fine di tutt’ i {disii}
16%
E io, che mai per mio veder non {arsi}
16%
e più e più intrava per lo {raggio}
16%
ficcar lo viso per la luce {etterna},
16%
fissi ne l’orator, ne {dimostraro}
16%
già per me stesso tal qual ei {volea}:
16%
indi a l’etterno lume s’{addrizzaro},
16%
l’ardor del desiderio in me {finii}.
16%
La tua benignità non pur {soccorre}
16%
Li occhi da Dio diletti e {venerati},
16%
nel qual non si dee creder che s’{invii}
16%
Or questi, che da l’infima {lacuna}
16%
perché tu ogne nube li {disleghi}
16%
perch’ io guardassi suso; ma io {era}
16%
più alto verso l’ultima {salute}.
16%
più ch’i’ fo per lo suo, tutti miei {prieghi}
16%
quanto i devoti prieghi le son {grati};
16%
tanto, che possa con li occhi {levarsi}
16%
ti porgo, e priego che non sieno {scarsi},
16%
vedi Beatrice con quanti {beati}
16%
Vinca tua guardia i movimenti {umani}:
16%
A l’alta fantasia qui mancò {possa};
13%
che dopo ’l sogno la passione {impressa}
13%
che fé Nettuno ammirar l’ombra d’{Argo}.
13%
ché, per tornare alquanto a mia {memoria}
13%
così al vento ne le foglie {levi}
13%
Così la neve al sol si {disigilla};
13%
cotal son io, ché quasi tutta {cessa}
13%
del vivo raggio, ch’i’ sarei {smarrito},
13%
e fa la lingua mia tanto {possente},
13%
E’ mi ricorda ch’io fui più {ardito}
13%
e per sonare un poco in questi {versi},
13%
Io credo, per l’acume ch’io {soffersi}
13%
l’aspetto mio col valore {infinito}.
13%
legato con amore in un {volume},
13%
ma già volgeva il mio disio e ’l {velle},
13%
mia visïone, e ancor mi {distilla}
13%
nel core il dolce che nacque da {essa}.
13%
Nel suo profondo vidi che s’{interna},
13%
Oh abbondante grazia ond’ io {presunsi}
13%
O somma luce che tanto ti {levi}
13%
per creatura l’occhio tanto {chiaro}.
13%
per questo a sostener, tanto ch’i’ {giunsi}
13%
più si conceperà di tua {vittoria}.
13%
rimane, e l’altro a la mente non {riede},
13%
ripresta un poco di quel che {parevi},
13%
se li occhi miei da lui fossero {aversi}.
13%
sì come rota ch’igualmente è {mossa},
13%
si perdea la sentenza di {Sibilla}.
13%
tanto che la veduta vi {consunsi}!
13%
al mio concetto! e questo, a quel ch’i’ {vidi},
10%
che venticinque secoli a la {’mpresa}
10%
ciò che per l’universo si {squaderna}:
10%
credo ch’i’ vidi, perché più di {largo},
10%
da un fulgore in che sua voglia {venne}.
10%
dicendo questo, mi sento ch’i’ {godo}.
10%
La forma universal di questo {nodo}
10%
parea reflesso, e ’l terzo parea {foco}
10%
quasi conflati insieme, per tal {modo}
10%
sustanze e accidenti e lor {costume}
10%
tutto s’accoglie in lei, e fuor di {quella}
10%
Un punto solo m’è maggior {letargo}
10%
A quella luce cotal si {diventa},
6%
che bagni ancor la lingua a la {mammella}.
6%
che quinci e quindi igualmente si {spiri}.
6%
che tal è sempre qual s’era {davante};
6%
che volgersi da lei per altro {aspetto}
6%
de l’alto lume parvermi tre {giri}
6%
dentro da sé, del suo colore {stesso},
6%
di tre colori e d’una {contenenza};
6%
è defettivo ciò ch’è lì {perfetto}.
6%
è impossibil che mai si {consenta};
6%
e l’un da l’altro come iri da {iri}
6%
e sempre di mirar faceasi {accesa}.
6%
è tanto, che non basta a dicer ’{poco}’.
6%
fosse nel vivo lume ch’io {mirava},
6%
in me guardando, una sola {parvenza},
6%
ma non eran da ciò le proprie {penne}:
6%
ma per la vista che s’{avvalorava}
6%
mirava fissa, immobile e {attenta},
6%
mutandom’ io, a me si {travagliava}.
6%
Ne la profonda e chiara {sussistenza}
6%
Non perché più ch’un semplice {sembiante}
6%
Oh quanto è corto il dire e come {fioco}
6%
Omai sarà più corta mia {favella},
6%
però che ’l ben, ch’è del volere {obietto},
6%
pur a quel ch’io ricordo, che d’un {fante}
6%
se non che la mia mente fu {percossa}
6%
tal era io a quella vista {nova}:
6%
Così la mente mia, tutta {sospesa},
3%
da li occhi miei alquanto {circunspetta},
3%
e intendente te ami e {arridi}!
3%
l’imago al cerchio e come vi s’{indova};
3%
mi parve pinta de la nostra {effige}:
3%
O luce etterna che sola in te {sidi},
3%
pareva in te come lume {reflesso},
3%
pensando, quel principio ond’ elli {indige},
3%
per che ’l mio viso in lei tutto era {messo}.
3%
per misurar lo cerchio, e non {ritrova},
3%
Qual è ’l geomètra che tutto s’{affige}
3%
Quella circulazion che sì {concetta}
3%
sola t’intendi, e da te {intelletta}
3%
veder voleva come si {convenne}
3%
Nessun quiz corrispondente trovato
Distribuzione punteggi
Percentuale di utenti per punteggio
Percentile per numero di risposta
I tuoi punteggi nel tempo
Non hai fatto questo quiz